000 00514nam a2200169 i 4500
001 55400
003 ES-MaACL
005 20230906163133.0
007 t|
008 030918s1919 fr ||||1| fre d
100 1 _aDéprez, Marcel.
_943757
245 1 4 _aLes lois fondamentales de l'electrotechnique /
_cpar Marcel Déprez et Maurice Soubrier.
260 _a[S.l. :
_bs.n.,
_c1919] (
_eEvreux :
_fCh. Herissey)
300 _a758 p. ;
_c21 cm.
700 1 _aSoubrier, Maurice.
_9107557
852 _aES-MaACL
_jF-1138
999 _c55400
_d55400